LEADER 02018nam0 22004453i 450 001 RAV0035924 005 20231121125625.0 010 $a225101344X 100 $a19881213d1988 ||||0itac50 ba 101 | $alat$afre 102 $afr 181 1$6z01$ai $bxxxe 182 1$6z01$an 200 1 $aChorographie$fPomponius Mela$gtexte établi, traduit et annoté par A. Silberman 210 $aParis$cLes belles lettres$d1988 215 $aLXXIII, 346 p. (2-96 doppie), [5] carte geografiche ripiegate$d21 cm 225 | $aCollection des universités de France 300 $aTesto latino con traduzione francese a fronte 410 0$1001CFI0082639$12001 $aCollection des universités de France 500 10$aDe situ orbis$3BVEE009978$9RAVV020252$93615157 500 10$aDe chorographia$fPomponius Mela.$3VIA0035434$9RAVV020252$922176 606 $aMela, Pomponio . Chorographia$xEdizioni critiche$2FIR$3RMLC444346$9E 676 $a913$9Geografia e viaggi relativi al mondo antico.$v22 700 1$aMela$b, Pomponius$3RAVV020252$4070$0190157 702 1$aSilberman$b, Alain$3RAVV020254 790 1$aMela$b, Pomponio$3RAVV020253$zMela, Pomponius 790 0$aPomponio Mela$3SBNV099294$zMela, Pomponius 801 3$aIT$bIT-01$c19881213 850 $aIT-RM028 $aIT-RM0313 $aIT-RM0281 $aIT-FR0084 $aIT-FR0017 899 $aBiblioteca Universitaria Alessandrina$bRM028 899 $aBIBLIOTECA CASANATENSE$bRM0313 899 $aBIBLIOTECA VALLICELLIANA$bRM0281 899 $aBiblioteca Del Monumento Nazionale Di Montecassino$bFR0084 899 $aBiblioteca umanistica Giorgio Aprea$bFR0017 $eN 912 $aRAV0035924 950 0$aBiblioteca umanistica Giorgio Aprea$d 52BLL Mela. 1$e 52FLS0000176815 VMB RS $fA $h20190212$i20190212 977 $a 01$a 07$a 08$a 25$a 52 996 $aDe chorographia$922176 996 $aDe situ orbis$93615157 997 $aUNICAS LEADER 01015nam0 22002651i 450 001 RML0256980 005 20231121125715.0 010 $a8814056358 100 $a20121121d1995 ||||0itac50 ba 101 | $aita 102 $ait 181 1$6z01$ai $bxxxe 182 1$6z01$an 200 1 $a˜La œliberta' d'insegnamento e l'autonomia nell'universita' liberale$enorme progetti per l'istruzione supe 210 $aMilano $cGiuffre' $d1995 606 $aDiritto costituzionale$2FIR$3RMLC085481$9I 700 1$aColao$b, Floriana$3RMLV165308$0229928 801 3$aIT$bIT-01$c20121121 850 $aIT-FR0098 899 $aBiblioteca Area Giuridico Economica$bFR0098 912 $aRML0256980 950 0$aBiblioteca Area Giuridico Economica$d 53DSG 10/0516$e 53VM 0000279235 VM barcode:GIU0006975. - Inventario:9396VM$fA $h20010423$i20121204 977 $a 53 996 $aLiberta' d'insegnamento e l'autonomia nell'universita' liberale$93622602 997 $aUNICAS